00694nam a2200169 a 450000500170000000800410001702000180005805000200007610000220009624501100011826000420022830000230027044000360029365000560032999900190038595201200040420140412111252.0000825s19uu xx 00 eng d a1-895688-44-2 aM 508bR56 1997 aRipley, Catherine aWhy is the sky blue? :band other outdoor questions /cby Catherine Ripley ; illustrated by Scot Ritchie. aToronto, Ontario :bOwl Books,c1997. a1 v. (unp.) ; ill. aA Question and Answer Storybook aNatural history - Miscellanea - Juvenile literature c103178d103178 00104050aELbELcMd2000-08-25eLib. Fundg304.00l0oM 508 R56 1997pE3964r2014-04-12 00:00:00w2014-04-12yBK